| 000 | 00399nam a2200169Ia 4500 | ||
|---|---|---|---|
| 005 | 20250626034641.0 | ||
| 008 | 240331s9999 xx 000 0 und d | ||
| 020 | _a955572007X | ||
| 082 |
_bSEN _a362 |
||
| 100 | _aSenevirathna,M | ||
| 245 | 0 | _aDerana dukwena daruwoo | |
| 300 | _a144 p ., | ||
| 650 | _aSexual activities | ||
| 650 | _aCase studies | ||
| 700 | _aMaureen Senaviratne | ||
| 942 | _cL | ||
| 999 |
_c5115 _d5115 |
||